| 000 | 00986cam a22002777a 4500 | ||
|---|---|---|---|
| 003 | CHAP | ||
| 005 | 20220329134705.0 | ||
| 008 | 971013s r 00010 d | ||
| 010 | _a24248 | ||
| 011 | _a25220 | ||
| 035 | _a29320 | ||
| 040 | _cCHAP | ||
| 082 |
_a633.63 _bI5 |
||
| 110 |
_aIndustria Azucarera Nacional, S. A. Santiago, Chile _957798 |
||
| 245 | 1 | 3 | _aEl cultivo de la remolacha azucarera en Chile |
| 260 |
_a(Santiago, Chile : _bIndustria Azucarera Nacional S.A., _c19 - |
||
| 300 | _av | ||
| 500 | _aLa biblioteca tiene: v.3 La marchitez amarilla de la remolacha; v.5 Investigaciones en fertilidad de suelos, aƱos 1964-1970 | ||
| 590 |
_aBATCH-UPD _b10 _c20130110 _lUCH01 _h2153 |
||
| 590 |
_aCONVERSION _b10 _c20130109 _lUCH01 _h1314 |
||
| 650 | 1 | 4 |
_aFertilizantes _xEfecto en remolacha azucarera. _940548 |
| 650 | 1 | 4 |
_aRemolacha azucarera _xEnfermedades. _995870 |
| 901 | _aBK | ||
| 942 | _cLIBRO | ||
| 949 |
_a633.63 I5 _bBC _cLIBRO _d33724000215331 _eLIBRO _i29320 _si |
||
| 999 |
_c24248 _d24248 |
||